| 000 | 00717nam a22002057a 4500 | ||
|---|---|---|---|
| 003 | 0 | ||
| 005 | 20250906131659.0 | ||
| 008 | 250906b xxu||||| |||| 00| 0 eng d | ||
| 020 | _a979-8-88836-776-6 | ||
| 050 |
_aLC 4704 _b.K43 2025 |
||
| 100 |
_aKeaton, Matt, _eauthor. |
||
| 245 |
_aClassroom management for students with learning disabilities / _cMatt Keaton. |
||
| 260 |
_aNew York, NY : _bLarsen and Keller Education, _c2025. |
||
| 300 |
_aviii, 219 pages : _bcolored illustrations ; _c26 cm. |
||
| 504 | _aIncludes bibliographical references and index. | ||
| 650 |
_aLearning disabled children _xEducation. |
||
| 650 | _aBehavior disorders in children. | ||
| 650 | _aClassroom management. | ||
| 942 |
_2lcc _cBK |
||
| 999 |
_c367803 _d367803 |
||